|
|
|
|
| LEADER |
01130nam a22002532a 4500 |
| 001 |
001912901 |
| 003 |
CZ BrMZK |
| 005 |
20241023072647.0 |
| 007 |
ta |
| 008 |
241023s1983 xr a er|||||||||||cze d |
| 040 |
|
|
|a KME301
|b cze
|
| 072 |
|
7 |
|a 72/76
|x Výtvarné umění
|2 Konspekt
|9 21
|
| 110 |
2 |
|
|a Muzeum Kroměřížska (Kroměříž, Česko)
|7 kn20020415015
|4 aut
|
| 245 |
1 |
0 |
|a České malířství a sochařství 20. století :
|b ze sbírek Oblastní galerie výtvarného umění v Gottwaldově. květen - září 1983 /
|c [Pavel Škranc]
|
| 260 |
|
|
|a [Kroměříž] :
|b Muzeum Kroměřížska,
|c [1983]
|
| 300 |
|
|
|a 15 s., obr. příl.
|
| 648 |
|
7 |
|a 20. století
|7 ch460558
|2 czenas
|
| 653 |
0 |
|
|a české malířství
|a české sochařství
|a Oblastní galerie výtvarného umění (Gottwaldov, Česko)
|a Muzeum Kroměřížska ( Kroměříž, Česko)
|a region
|
| 655 |
|
7 |
|a katalogy výstav
|7 fd132536
|2 czenas
|
| 700 |
1 |
|
|a Škranc, Pavel,
|d 1957-
|7 ntka174589
|4 aut
|
| 910 |
|
|
|a BOA001
|b X-1533.539
|
| 990 |
|
|
|a BK
|
| 991 |
|
|
|b 202410
|
| 996 |
6 |
|
|b 2610983840
|c X-1533.539
|l MZK
|r Sklad / do 24 hodin
|n 0
|p dar
|w 001982009
|u 000010
|a 1
|e BOA001
|j MZK50
|s P
|